000 00571nam a22001457a 4500
020 _a9780099513940
082 _a823
_bWOD/J
100 _aWODEHOUSE
245 _aJEEVES IN THE OFFING
260 _aLONDON
_bARROW BOOKS
_c2008
300 _a200
520 _aAn old friend Bertie went to preparatory school with, Reginald "Kipper" Herring, is staying with Bertie for a week. Bertie eagerly accepts an invitation from his aunt, Aunt Dahlia, to her home, Brinkley Court, since Jeeves is about to go to Herne Bay on holiday.
650 _aNOVEL
_zUNITED KINGDOM
942 _cBK
999 _c5041
_d5041